000 00545nam a2200181Ia 4500
008 090124s9999 xx 000 0 und d
082 _b6291
_a856
100 _aवकील व्यंकटेश शंकर
245 _a जळतीं घरे
250 _a1
260 _c1942
300 _a75
600 _aवकील व्यंकटेश शंकर
630 _a जळतीं घरे
700 _aवकील व्यंकटेश शंकर
730 _a जळतीं घरे
942 _cBOOK
999 _c120232
_d120232